Biodiversity offsets effective design and implementation

Gespeichert in:
Bibliographische Detailangaben
Format: Buch
Sprache:Englisch
Veröffentlicht: Paris OECD 2016
Schlagworte:
Tags: Tag hinzufügen
Keine Tags, Fügen Sie das erste Tag hinzu!

MARC

LEADER 00000nam$a2200000$$$4500
001 0231006
005 20221107100822.0
020 |a 978-92-64-22245-8 
041 0 |a eng 
044 |a FR 
245 1 0 |a Biodiversity offsets  |b effective design and implementation 
264 1 |a Paris  |b OECD  |c 2016 
300 |a 223 s. 
610 2 0 |a diverzita biologická 
610 2 0 |a prostredie životné 
610 2 0 |a ekológia 
610 2 0 |a ochrana prostredia životného 
610 2 0 |a regulácia 
610 2 0 |a efektívnosť ekonomická 
610 2 0 |a štúdie prípadové